000 00657nam a22001937a 4500
999 _c17954
_d17954
003 OSt
005 20231027135024.0
008 230207b ||||| |||| 00| 0 eng d
040 _c0
082 _aDPer 510.5 Am351 October - December 2021 v143 no. 5-6
100 _aStreet, Brian.
_eauthor.
_947832
245 _aCoordinates adapted to vector fields II :
_bsharp results /
_cBrian Street
260 _aBaltimore, Maryland U.S.,
_bJohns Hopkins University Press,
_cDecember 2021.
300 _avolume 143, pages 1791-1840.
650 _aMathematics.
_947833
650 _aFunctions.
_947834
700 _aStreet, Brian.
_eauthor.
_947832
942 _2ddc
_cPER